Business Management (Record no. 110552)

MARC details
000 -LEADER
fixed length control field 00335nam a2200121Ia 4500
008 - FIXED-LENGTH DATA ELEMENTS--GENERAL INFORMATION
fixed length control field 211119s9999||||xx |||||||||||||| ||und||
082 ## - DEWEY DECIMAL CLASSIFICATION NUMBER
Classification number 658
Item number JOS-B
100 ## - MAIN ENTRY--PERSONAL NAME
Personal name Joseph, Kurian
245 #0 - TITLE STATEMENT
Title Business Management
260 ## - PUBLICATION, DISTRIBUTION, ETC.
Name of publisher, distributor, etc. Pratibha Publications
Place of publication, distribution, etc. Changanacherry
Date of publication, distribution, etc. 2010
650 ## - SUBJECT ADDED ENTRY--TOPICAL TERM
Topical term or geographic name entry element ManagementCommerce
942 ## - ADDED ENTRY ELEMENTS (KOHA)
Koha item type BOOK
650 ## - SUBJECT ADDED ENTRY--TOPICAL TERM
General subdivision General Stack
Holdings
Withdrawn status Lost status Damaged status Not for loan Home library Current library Date acquired Cost, normal purchase price Total Checkouts Full call number Barcode Shelving location Date last seen Price effective from Koha item type
        SB LIBRARY SB LIBRARY 19/11/2021 97.00   658 JOS-B 00123993 GENERAL STACK 19/11/2021 19/11/2021 BOOK

Powered by Koha